| 000 | 00671nam a2200193 a 4500 | ||
|---|---|---|---|
| 001 | 000036228 | ||
| 005 | 20250527113226.0 | ||
| 008 | 120111s1981 xxua 000 0 eng d | ||
| 040 |
_aDO-SdBNP _bspa _cBNPHU |
||
| 100 | 1 |
_aRewoldt, Stewart H. _962301 |
|
| 245 | 1 | 0 |
_aIntroduction to marketing management : _btext and cases / _cStewart H. Rewoldt, James D. Scott, Martin R. Warshaw. |
| 250 | _a4th ed. | ||
| 260 |
_aIllinois : _bRichard D. Irwin, _c1981. |
||
| 300 |
_axvi, 874 p. : _bil. ; _c24 cm. |
||
| 650 | 2 | 0 |
_aAdministración industrial _95872 |
| 650 | 2 | 4 |
_aGestión en administración _962302 |
| 700 | 1 |
_aScott, James D. _962303 |
|
| 700 | 1 |
_aWarshaw, Martin R. _962304 |
|
| 999 |
_c35719 _d35719 |
||